000 00726nam a22002415i 4500
001 12337
003 ES-MaACL
005 20230906150306.0
008 930727s1993 sp ||||0| spa j
020 _a84-88186-07-X
040 _aM-BN
_bspa
_cM-BN
080 _a75 Oyonarte, Manuel
100 1 _aSáez-Angulo, Julia.
_9101359
245 1 0 _aManuel Oyonarte
_b: pinturas /
_cJulia Sèz-Angulo.
260 _aMadrid :
_bMRD Grupo,
_cD.L. 1993.
300 _a59 p :
_bil. col. y n ;
_c23x23 cm.
490 1 _aFormas plásticas
600 1 4 _aOyonarte, Manuel.
_988058
700 1 _aOyonarte, Manuel.
_988058
830 0 _aFormas plásticas
_9228290
852 _aES-MaACL
_jL-19577
_bR.122753
999 _c12337
_d12337